| 000 | 00557nam a22001817a 4500 | ||
|---|---|---|---|
| 003 | NUST | ||
| 038 | _aMr. Zahoor | ||
| 082 | _a629.892 | ||
| 100 |
_aKiyani, Kashbah _917338 |
||
| 245 |
_aPeople Counting in Extremely Dense Crowed / _cKashbah Kiyani |
||
| 260 |
_aIslamabad : _bSMME - NUST, _c2018. |
||
| 300 | _axiii, 42 p. : ill. ; | ||
| 500 | _aHardcover. | ||
| 650 |
_aRobotics and Artificial Intelligence - MS Thesis _917339 |
||
| 700 |
_aDr. Hasan Sajid _917340 |
||
| 856 | _uhttp://10.250.8.41:8080/xmlui/handle/123456789/9763 | ||
| 942 |
_2ddc _cTHE |
||
| 999 |
_c526351 _d526351 |
||